De Cristo : dos fantasías iconológicas /

Kaydedildi:
Detaylı Bibliyografya
Yazar: Flor, Fernando R. de la (autor)
Materyal Türü: Kitap
Dil:İspanyolca
Baskı/Yayın Bilgisi: Madrid, España : Abada, 2011, c2011
Seri Bilgileri:(Lecturas Abada. Estética y Filosofía del Arte)
Konular:
Etiketler: Etiketle
Etiket eklenmemiş, İlk siz ekleyin!

MARC

LEADER 00000nam^a2200000^a^4500
001 000400703
005 20250521000000.0
009 20260310121625.445
020 |a 978-84-15289-17-3 
037 |a Acervo ITESO - Biblioteca 
041 |a ESP 
082 |a 704. 94853  |b FLO 
100 |a Flor, Fernando R. de la  |e (autor) 
245 1 0 |a De Cristo :  |b dos fantasías iconológicas /  |c F.R. de la Flor. 
264 4 |a Madrid, España :  |b Abada,  |c 2011, c2011 
300 |a 237 p. 
336 |a texto  |b txt  |2 rdacontenido 
337 |a sin mediación  |b n  |2 rdamedio 
338 |a volumen  |b nc  |2 rdasoporte 
440 1 |a (Lecturas Abada.  |p Estética y Filosofía del Arte) 
521 |a FIL 2017 EEnlace Departamento del Hábitat y Desarrollo Urbano 
649 |a XX 
650 |a Jesucristo -  |x Iconografías -  |x Historia y Crítica -  |x Tema Principal 
650 |a Jesucristo en la Escultura -  |z España -  |x Historia y Crítica 
650 |a Jesucristo en la Escultura -  |x Historia y Crítica -  |x Tema Principal 
650 |a Jesucristo en el Arte -  |z España -  |x Historia y Crítica 
650 |a Jesucristo en el Arte -  |x Historia y Crítica 
650 |a Dios -  |x Iconografías -  |x Historia y Crítica 
650 |a Dios en la Escultura -  |z España -  |x Historia y Crítica 
650 |a Dios en la Escultura -  |x Historia y Crítica 
650 |a Dios en el Arte -  |z España -  |x Historia y Crítica 
650 |a Dios en el Arte -  |x Historia y Crítica 
650 |a Escultura Religiosa -  |z España -  |x Historia y Crítica 
650 |a Escultura Religiosa -  |x Historia y Crítica -  |x Tema Principal 
650 |a Escultura Barroca -  |z España -  |x Historia y Crítica 
650 |a Escultura Barroca -  |x Historia y Crítica 
650 |a Escultura Española -  |x Historia y Crítica 
650 |a Arte Religioso -  |z España -  |x Historia y Crítica 
650 |a Arte Religioso -  |x Historia y Crítica 
650 |a Arte Barroco -  |z España -  |x Historia y Crítica 
650 |a Arte Barroco -  |x Historia y Crítica 
650 |a Arte Español -  |x Historia y Crítica 
910 |a Fondo General 
920 |a Impresos - Libros 
930 |a Colección General 
905 |a 101 
901 |a 0500295790  |b IT1  |c ACC  |i c157254  |u 20250521 
902 |a https://opac.biblio.iteso.mx/vufind/Record/000400703